Improving the deal for communities (Record no. 117424)

MARC details
000 -LEADER
fixed length control field 01124cam a2200241 4500
001 - CONTROL NUMBER
control field ABS67875
008 - FIXED-LENGTH DATA ELEMENTS--GENERAL INFORMATION
fixed length control field 040601n2004 000 0 eng u
035 ## - SYSTEM CONTROL NUMBER
System control number (Sirsi) u126339
100 ## - MAIN ENTRY--PERSONAL NAME
Personal name Potts, G.
245 ## - TITLE STATEMENT
Title Improving the deal for communities
260 ## - PUBLICATION, DISTRIBUTION, ETC.
Date of publication, distribution, etc. 2004
490 ## - SERIES STATEMENT
Series statement Regeneration and Renewal
Volume/sequential designation 14 May 2004, 22-23(2)
520 ## - SUMMARY, ETC.
Summary, etc. Looks at the emphasis on giving local people a real say in the design and running of regeneration programmes. This is the most innovative aspect of the New Deal for Communities, the government flagship community renewal project conceived to tackle the socio-economic problems of Britain's most deprived neighbourhoods. Examines how it is being put into practice across England and suggests that paying greater attention to community activism and new localism would make the New Deal for Communities more successful.
590 ## - LOCAL NOTE (RLIN)
Local note ABS
590 ## - LOCAL NOTE (RLIN)
Local note ABS
650 ## - SUBJECT ADDED ENTRY--TOPICAL TERM
Topical term or geographic name entry element NEIGHBOURHOOD RENEWAL
650 ## - SUBJECT ADDED ENTRY--TOPICAL TERM
Topical term or geographic name entry element COMMUNITY ACTION
650 ## - SUBJECT ADDED ENTRY--TOPICAL TERM
Topical term or geographic name entry element REGENERATION SCHEMES
650 ## - SUBJECT ADDED ENTRY--TOPICAL TERM
Topical term or geographic name entry element DEPRIVED AREAS
650 ## - SUBJECT ADDED ENTRY--TOPICAL TERM
Topical term or geographic name entry element NEW DEAL FOR COMMUNITIES
690 ## - LOCAL SUBJECT ADDED ENTRY--TOPICAL TERM (OCLC, RLIN)
Topical term or geographic name as entry element REGENERATION
942 ## - ADDED ENTRY ELEMENTS (KOHA)
Suppress in OPAC 0
Holdings
Withdrawn status Lost status Source of classification or shelving scheme Damaged status Not for loan Home library Current library Shelving location Date acquired Total Checkouts Full call number Barcode Date last seen Copy number Price effective from Koha item type
    Dewey Decimal Classification     London London Journal article 01/06/2004   ABS67875 126339-1001 06/08/2019 1 06/08/2019 Journal article